Rendez-vous; An invitataion to French (Record no. 21435)

MARC details
000 -LEADER
fixed length control field 00614nam a22001937a 4500
003 - CONTROL NUMBER IDENTIFIER
control field OSt
005 - DATE AND TIME OF LATEST TRANSACTION
control field 20260210101047.0
008 - FIXED-LENGTH DATA ELEMENTS--GENERAL INFORMATION
fixed length control field 260210b |||||||| |||| 00| 0 eng d
020 ## - INTERNATIONAL STANDARD BOOK NUMBER
International Standard Book Number 0-075408716
040 ## - CATALOGING SOURCE
Transcribing agency Chuka University Library
050 ## - LIBRARY OF CONGRESS CALL NUMBER
Classification number PF 2129.E5M87 1990
100 ## - MAIN ENTRY--PERSONAL NAME
Personal name Muyskens,Judith.A
9 (RLIN) 23087
245 ## - TITLE STATEMENT
Title Rendez-vous; An invitataion to French
250 ## - EDITION STATEMENT
Edition statement 3rd ed
260 ## - PUBLICATION, DISTRIBUTION, ETC.
Place of publication, distribution, etc. Newyork
Name of publisher, distributor, etc. Mcgraw-hill publishing company
Date of publication, distribution, etc. 1990
300 ## - PHYSICAL DESCRIPTION
Extent 610p.
650 ## - SUBJECT ADDED ENTRY--TOPICAL TERM
Topical term or geographic name entry element 1.French language-----Textbooks for foreign speakers---English 2.French language -----Grammar---1950
9 (RLIN) 23088
942 ## - ADDED ENTRY ELEMENTS (KOHA)
Source of classification or shelving scheme Library of Congress Classification
Koha item type Long Loan Books
Suppress in OPAC No
Holdings
Withdrawn status Lost status Source of classification or shelving scheme Damaged status Not for loan Collection Home library Current library Shelving location Date acquired Source of acquisition Total Checkouts Full call number Barcode Date last seen Price effective from Koha item type
    Library of Congress Classification     General Collection Books Main Campus Library Main Campus Library General Stacks 10/02/2026 Donation from Books for Africa   PF 2129.E5M87 1990 29987/2026 24/02/2026 10/02/2026 Long Loan Books

Powered by Koha